Potsdamer Schlösser - Statistiken

Allgemein
  • Dieses Quiz wurde 72 mal gespielt
  • Das Durchschnittsergebnis liegt bei 5 aus 9
Antwortstatistiken
Hint Antwort % Korrekt
Park Sanssouci Schloss Sanssouci
93%
Park Sanssouci Neues Palais
78%
Park Babelsberg Schloss Babelsberg
78%
Neuer Garten Schloss Cecilienhof
63%
Park Sanssouci Orangerieschloss
60%
Park Sanssouci Schloss Charlottenhof
57%
Neuer Garten Marmorpalais
33%
Park Sanssouci Neue Kammern
12%
In der Nähe von Park Sanssouci Schloss Lindstedt
10%
Keine übereinstimmenden Quizze gefunden
Verteilung der Resultate
Anzahl Personen mit jedem Resultat
Perzentil nach korrekt beantworteten Fragen
Ihre Resultats-Entwicklung
Sie haben dieses Quiz noch nicht gespielt